Analyse d'un récit de vie : L'histoire d'Annabelle (notice n° 2206125)
[ vue normale ]
| 000 -LEADER | |
|---|---|
| fixed length control field | 01156cam a2200133 4500500 |
| 005 - DATE AND TIME OF LATEST TRANSACTION | |
| control field | 20260405090533.0 |
| 041 ## - LANGUAGE CODE | |
| Language code of text/sound track or separate title | fre |
| 042 ## - AUTHENTICATION CODE | |
| Authentication code | dc |
| 100 10 - MAIN ENTRY--PERSONAL NAME | |
| Personal name | Filloux, Jean-Claude |
| Relator term | author |
| 245 00 - TITLE STATEMENT | |
| Title | Analyse d'un récit de vie : L'histoire d'Annabelle |
| 260 ## - PUBLICATION, DISTRIBUTION, ETC. | |
| Name of publisher, distributor, etc. | Presses Universitaires de France,<br/> |
| Date of publication, distribution, etc. | 2005.<br/> |
| 520 ## - SUMMARY, ETC. | |
| Summary, etc. | L’objectif de cet ouvrage n’est pas de traiter des «histoires de vie» pour théoriser leur pratique mais de «situer» concrètementles «conditions de recueil» de ces témoignages puis la «lecture» qui en est faite ultérieurement. Ces entretiens peuvent revêtir des formes différentes selonles dispositifs et modes d’entretien d’où le nécessaire«cadrage» dece travail en sciences humaines. Une relation «en miroir» est censée s’installer entre les partenaires de la construction d’un tel récit puisque l’interviewer qui «mène» l’entretien peut apparaître comme un «voleur de récit» avec construction de fantasmes au sens freudien au moins d’un «acte poétique» commun. |
| 856 41 - ELECTRONIC LOCATION AND ACCESS | |
| Uniform Resource Identifier | <a href="https://shs.cairn.info/analyse-d-un-recit-de-vie--9782130553588?lang=fr&redirect-ssocas=7080">https://shs.cairn.info/analyse-d-un-recit-de-vie--9782130553588?lang=fr&redirect-ssocas=7080</a> |
Pas d'exemplaire disponible.




Réseaux sociaux